Derecho político

Đã lưu trong:
Chi tiết về thư mục
Tác giả chính: Stein, Ekkehart (Tác giả)
Định dạng: Sách
Ngôn ngữ:Tiếng Tây Ban Nha
Được phát hành: Madrid Aguilar 1973
Những chủ đề:
Các nhãn: Thêm thẻ
Không có thẻ, Là người đầu tiên thẻ bản ghi này!

MARC

LEADER 00000nam a2200000 a 4500
001 UCY0996
003 CL-VaPUC
008 940819e19730000SP |||||||||||||||||spa|d
082 0 4 |a 320  |b STE  |2 21 
100 0 |a Stein, Ekkehart  |e author  |9 328858 
245 1 0 |a Derecho político 
300 |a 322 p 
942 |c BK 
945 |d 19940819 00:00:00  |a aalvarez 
260 |a Madrid  |b Aguilar  |c 1973 
650 0 |a Derecho constitucional   |9 222588 
651 0 |a Alemania  |9 255688 
583 |a last modification  |c 19940819 00:00:00  |k Rodrigo Vera 
999 |c 229836  |d 229834 
952 |0 0  |1 0  |4 0  |6 320_000000000000000_STE_1973  |7 0  |8 A  |9 231525  |a BIBDER  |b BIBDER  |d 2019-11-15  |i 3011011  |o 320 STE 1973  |p 3011011  |r 2023-01-25  |w 2019-11-15  |y BK  |k DER